Intercommunalité de l'Aude - Statistiques

Statistiques générales
  • Ce quiz a été pris 28 fois
  • Le résultat moyen est 5 sur 8
Statistiques - réponses
Nombres de communes Intercommunalités % Correct
83 Communauté d'agglomération Carcassonne Agglo
100%
37 Communauté d'agglomération Grand Narbonne
96%
76 Communauté de communes du Limouxin
79%
43 Communauté de communes Castelnaudary Lauragais Audois
71%
54 Communauté de communes de la Région Lézignanaise, Corbières et Minervois
63%
38 Communauté de communes Piège-Lauragais-Malepère
42%
61 Communauté de communes des Pyrénées Audoises
33%
22 (dont 1 dans le Tarn) Communauté de communes de la Montagne Noire
17%
Aucun quiz correspondant
Distribution des résultats
% des personnes avec chaque résultat
Percentile par nombre de réponses
Votre historique - résultats
Vous n’avez pas pris ce quiz